000 01071cam a22002891 4500
001 gs 40000076
003 DLC
005 20260227111345.0
008 780225s1940 msuab b 000 0 eng c
010 _ags 40000076
035 _a(OCoLC)3668278
040 _aU.S. Geol. Survey Library
_cOT
_dOCoLC
_dDLC
050 0 0 _aQE129
_b.A2 no. 39
051 _aTN24.M7
_bA5 1940
082 _a557.62
100 1 _aMellen, Frederic Francis,
_d1911-
245 1 0 _aYazoo County mineral resources: Geology,
_cby Frederic Francis Mellen; Tests, by Thomas Edwin McCutcheon.
260 _aUniversity,
_c1940.
300 _a132 p.
_billus., fold maps, tables,
_c23 cm.
410 2 0 _aMississippi State Geological Survey.
_tBulletin
_vno. 39
500 _aAt head of title: Mississippi State Geological Survey.
504 _a"References": p. 72.
650 0 _aMines and mineral resources
_zMississippi
_zYazoo County.
650 0 _aGeology
_zMississippi
_zYazoo County.
700 1 _aMcCutcheon, Thomas Edwin.
710 2 _aMississippi Geological, Economic, and Topographical Survey.
999 _c27617
_d27617